00305nam a2200121Ia 4500003000400000005001700004008004100021020001900062040001700081100001100098245005200109260002200161OSt20240318145627.0170523s9999 xx 000 0 und d a978-8131705841 ciimtu meerut aBALLON 0aBUSSINESS LOGISTICS AND SUPPLY CHAIN MANAGEMENT bTATA MC GRAW HILL